1674 1512 1464 1692 1517 1956 1844 1751 1352 1951 1144 1982 1126 1476 1094 1665 1427 1994 1821 1223 1381 1482 1900 1565 1775 1241 1061 1025 1062 1784 1741 1925 1626 1058 1604 1785 1460 1210 1499 1611 1290 1191 1075 1539 1720 1294 1772 1627 1137 1846 1967 1727 1896 1786 1711 1667 1248 1352 1076 1461 1214 1255 1975 1384 1568 1854 1860 1961 1517 1149 1142 1229 1675 1714 1472 1547 1932 1673 1686 1018 1287 1788 1452 1902 1495 1196 1868 1027 1006 1294 1917 1166 1645 1754 1897 1584 1645 1331 1120 BCNSPRNW ULIB Ver.6.0+V

เปลี่ยนเป็นภาษาไทย

Change to English
 แสดงรายละเอียดบรรณานุกรม
  กลับหน้าหลัก

Brief Record : Get Marc (ISO 2709) : E-mail record : QR code < ปิดหน้าต่าง
LEADER : 00000nam 2200000uu 4500
001    13399114599
003     ULIB
008    110627s2550||||th 000 0 tha d
090    นว.^b
100 0  เมแกน วาเลน เทอร์เนอร์
245 00 ราชันแห่งแอตโทเลีย/^cเมแกน วาเลน เทอร์เนอร์
260    กรุงเทพฯ :^bอัมรินทร์,^c2550
710 1  อัมรินทร์
945    ^p0^l0^i022054
995    ทศพร
999 ^a ใช้งานได้ทุกระบบ
รายการนี้ยังไม่มีแท็ก
คุณยังไม่ได้ล็อกอิน คุณสามารถมีกิจกรรมร่วมกับเว็บไซต์ได้ แต่ต้องล็อกอินก่อน ::
  ล็อกอิน

รายการสื่อสารสนเทศ

ลำดับที่ ประเภท เลขเรียก/บาร์โค้ด สถานที่ สถานะ
1. นวนิยาย
นวนิยาย
นว. ฉ.1 
  Barcode: 022054
ห้องสมุดวิทยาเขตสวรรค์ประชารักษ์
►นวนิยาย
บนชั้น
  ขอยืม

รายการใกล้เคียง
    ผู้แต่ง [เมแกน วาเลน เทอร์เนอร์]

BibComment


ยังไม่เคยถูกคอมเมนท์

คอมเมนท์ทรัพยากรรายการนี้
  คอมเมนท์: ราชันแห่งแอตโทเลี..


 Copyright 2026. Bcnsprnw @Library